Sports Quiz

Random Sports or NBA Quiz

NBA Playoffs - Leaders by Year- Pts, Rebs, Asst Quiz Stats

Quiz not verified by Sporcle

Challenge
Share
Tweet
Embed
Score 0/174 Timer 08:00
0 Plays Today
Yr/Stat/Amt NBA Player % Correct
2017/ASST/141L. James
99.4%
2017/PTS/591L. James
99.4%
2015/ASST/169L. James
99.3%
2015/PTS/601L. James
99.3%
2013/PTS/596L. James
99.1%
2013/ASST/152L. James
99.1%
2012/RBS/224L. James
99.1%
2012/PTS/697L. James
99.1%
2007/PTS/501L. James
99.1%
2007/ASST/159L. James
99.1%
1998/PTS/680M. Jordan
97.2%
1997/PTS/590M. Jordan
97.2%
1996/PTS/552M. Jordan
97.2%
1993/PTS/666M. Jordan
97.2%
1992/PTS/759M. Jordan
97.2%
1991/PTS/529M. Jordan
97.2%
1990/PTS/587M. Jordan
97.2%
1989/PTS/591M. Jordan
97.2%
2010/PTS/671K. Bryant
96.4%
2009/PTS/695K. Bryant
96.4%
2008/PTS/633K. Bryant
96.4%
2004/PTS/539K. Bryant
96.4%
2002/RBS/239S. O'Neal
96%
2002/PTS/541S. O'Neal
96%
2000/RBS/355S. O'Neal
96%
2000/PTS/707S. O'Neal
96%
1995/RBS/250S. O'Neal
96%
1973/PTS/401J. West
94.9%
1973/ASST/132J. West
94.9%
1972/ASST/134J. West
94.9%
1970/PTS/562J. West
94.9%
1969/PTS/556J. West
94.9%
1969/ASST/135J. West
94.9%
1966/PTS/479J. West
94.9%
1965/PTS/447J. West
94.9%
1999/ASST/126A. Johnson
94.6%
1993/ASST/182K. Johnson
94.6%
1991/ASST/240M. Johnson
94.6%
1990/ASST/170K. Johnson
94.6%
1989/ASST/165M. Johnson
94.6%
1988/ASST/303M. Johnson
94.6%
1987/ASST/219M. Johnson
94.6%
1986/ASST/211M. Johnson
94.6%
1985/ASST/289M. Johnson
94.6%
1984/ASST/284M. Johnson
94.6%
1983/ASST/192M. Johnson
94.6%
1980/ASST/151M. Johnson
94.6%
2014/RBS/211T. Duncan
93.8%
2013/RBS/214T. Duncan
93.8%
2007/RBS/229T. Duncan
93.8%
2005/RBS/286T. Duncan
93.8%
2005/PTS/542T. Duncan
93.8%
2003/RBS/369T. Duncan
93.8%
2003/PTS/593T. Duncan
93.8%
1999/RBS/195T. Duncan
93.8%
1997/RBS/228K. Malone
91.6%
1983/RBS/206M. Malone
91.6%
1981/RBS/305M. Malone
91.6%
Yr/Stat/Amt NBA Player % Correct
1981/PTS/562M. Malone
91.6%
1973/RBS/383W. Chamberlain
91%
1972/RBS/315W. Chamberlain
91%
1970/RBS/399W. Chamberlain
91%
1969/RBS/444W. Chamberlain
91%
1967/RBS/437W. Chamberlain
91%
1967/ASST/135W. Chamberlain
91%
1964/RBS/302W. Chamberlain
91%
1964/PTS/416W. Chamberlain
91%
1987/RBS/231L. Bird
90.9%
1987/PTS/622L. Bird
90.9%
1985/PTS/520L. Bird
90.9%
1984/RBS/252L. Bird
90.9%
1984/PTS/632L. Bird
90.9%
1995/PTS/725H. Olajuwon
90.6%
1994/PTS/664H. Olajuwon
90.6%
1986/RBS/236H. Olajuwon
90.6%
1986/PTS/537H. Olajuwon
90.6%
2014/PTS/563K. Durant
90.4%
2016/PTS/582K. Thompson
89.8%
1968/RBS/434B. Russell
89.6%
1966/RBS/428B. Russell
89.6%
1966/ASST/85B. Russell
89.6%
1965/RBS/302B. Russell
89.6%
1965/ASST/76B. Russell
89.6%
1963/RBS/326B. Russell
89.6%
1962/RBS/370B. Russell
89.6%
1961/RBS/299B. Russell
89.6%
1960/RBS/336B. Russell
89.6%
2006/PTS/654D. Wade
89.5%
1983/PTS/406K. Abdul-Jabbar
88.7%
1980/PTS/479K. Abdul-Jabbar
88.7%
1974/RBS/253K. Abdul-Jabbar
88.7%
1974/PTS/515K. Abdul-Jabbar
88.7%
2011/PTS/582D. Nowitzki
88.2%
2006/RBS/268D. Nowitzki
88.2%
1998/ASST/155J. Stockton
87.6%
1997/ASST/191J. Stockton
87.6%
1996/ASST/195J. Stockton
87.6%
1994/ASST/157J. Stockton
87.6%
1992/ASST/217J. Stockton
87.6%
2011/ASST/153J. Kidd
87.5%
2003/ASST/163J. Kidd
87.5%
2002/ASST/182J. Kidd
87.5%
2016/RBS/228D. Green
85.8%
2008/RBS/274K. Garnett
84.8%
2001/PTS/723A. Iverson
84.6%
2001/ASST/134A. Iverson
84.6%
2016/ASST/198R. Westbrook
84.1%
2006/ASST/204S. Nash
83.7%
2005/ASST/170S. Nash
83.7%
2014/ASST/153R. Westbrook
83.3%
2017/RBS/191K. Love
83%
1998/RBS/248D. Rodman
82.5%
1996/RBS/247D. Rodman
82.5%
1991/RBS/177D. Rodman
82.5%
1989/RBS/170D. Rodman
82.5%
2004/RBS/328B. Wallace
77.9%
Yr/Stat/Amt NBA Player % Correct
1982/PTS/461J. Erving
77.3%
1977/PTS/518J. Erving
77.3%
2012/ASST/227R. Rondo
76.2%
2010/ASST/223R. Rondo
76.2%
2009/ASST/137R. Rondo
76.2%
2008/ASST/172R. Rondo
76.2%
1993/RBS/326C. Barkley
75.4%
1994/RBS/293P. Ewing
75.4%
1963/ASST/116B. Cousy
75.2%
1962/ASST/123B. Cousy
75.2%
1961/ASST/91B. Cousy
75.2%
1960/ASST/116B. Cousy
75.2%
2004/ASST/136C. Billups
74.7%
2010/RBS/255P. Gasol
74.2%
1968/PTS/493J. Havlicek
72.7%
1968/ASST/142J. Havlicek
72.7%
1985/RBS/219R. Parish
72.5%
2009/RBS/353D. Howard
72.4%
1963/PTS/424E. Baylor
71.7%
1962/PTS/502E. Baylor
71.7%
1961/PTS/457E. Baylor
71.7%
2015/RBS/238D. Howard
71.4%
1988/PTS/506J. Worthy
69.4%
1974/ASST/149O. Robertson
69.1%
1971/ASST/124O. Robertson
69.1%
1982/RBS/189C. Jones
66.4%
1980/RBS/185C. Jones
66.4%
1979/RBS/266E. Hayes
63.3%
1978/PTS/457E. Hayes
63.3%
1960/PTS/365B. Pettit
61.9%
1977/RBS/288B. Walton
59.6%
1977/ASST/104B. Walton
59.6%
2001/RBS/316D. Mutombo
59.1%
1975/PTS/479R. Barry
57.6%
1967/PTS/521R. Barry
57.6%
2011/RBS/193T. Chandler
57.6%
1972/PTS/388W. Frazier
56.7%
1970/ASST/156W. Frazier
56.7%
1990/RBS/211B. Laimbeer
56.4%
1988/RBS/221B. Laimbeer
56.4%
1975/RBS/276W. Unseld
54.9%
1971/RBS/339W. Unseld
54.9%
1992/RBS/194H. Grant
52.4%
2000/ASST/178M. Jackson
51.8%
1976/RBS/296D. Cowens
49.7%
1982/ASST/172M. Cheeks
49.1%
1981/ASST/116M. Cheeks
49.1%
1995/ASST/162A. Hardaway
48.8%
1979/PTS/454G. Williams
48%
1976/PTS/408J. White
44.5%
1976/ASST/98J. White
44.5%
1999/PTS/407L. Sprewell
39.9%
1971/PTS/397E. Monroe
33.8%
1975/ASST/124K. Porter
22.9%
1964/ASST/90G. Rodgers
7.1%
1978/RBS/289M. Webster
4.3%
1979/ASST/107T. Henderson
3.5%
1978/ASST/106T. Henderson
3.5%

You're not logged in!

Compare scores with friends on all Sporcle quizzes.
Join for Free
OR
Log In

You Might Also Like...

Show Comments

Extras

Top Quizzes Today


Score Distribution

Your Account Isn't Verified!

In order to create a playlist on Sporcle, you need to verify the email address you used during registration. Go to your Sporcle Settings to finish the process.

Report this User

Report this user for behavior that violates our Community Guidelines.

Details: